El gran mar: una historia humana del Mediterráneo
Salvato in:
| Autore principale: | |
|---|---|
| Natura: | Libro |
| Lingua: | spagnolo |
| Pubblicazione: |
Barcelona
Crítica
2013
|
| Edizione: | 1a. ed |
| Soggetti: | |
| Tags: |
Aggiungi Tag
Nessun Tag, puoi essere il primo ad aggiungerne!!
|
MARC
| LEADER | 00000cam a2200000 a 4500 | ||
|---|---|---|---|
| 001 | UCE2786 | ||
| 003 | CL-VaPUC | ||
| 008 | 140724e20130500sp |||||||||||||||||spa|d | ||
| 020 | |a 9788498925470 | ||
| 082 | 0 | 4 | |a 909.09822 |b ABU |2 21 |
| 100 | 0 | |a Abulafia, David |e author |9 575349 | |
| 245 | 1 | 3 | |a El gran mar: una historia humana del Mediterráneo |
| 250 | |a 1a. ed | ||
| 300 | |a 794 p | ||
| 942 | |c BK | ||
| 945 | |d 20140724 10:48:00 |a dcastane | ||
| 260 | |a Barcelona |b Crítica |c 2013 | ||
| 650 | 7 | |a REGION MEDITERRANEA |2 CL-VaPUC |9 560192 | |
| 650 | 0 | |a Historia de Europa |9 392003 | |
| 650 | 7 | |a HISTORIA DE AFRICA |2 CL-VaPUC |9 437682 | |
| 650 | 7 | |a MAR MEDITERRANEO |2 CL-VaPUC |9 260004 | |
| 583 | |a last modification |c 20140724 10:48:00 |k Rodrigo Vera | ||
| 999 | |c 356347 |d 356345 | ||
| 952 | |0 0 |1 0 |3 erd |4 0 |6 909_098220000000000_ABU_2013 |7 0 |8 A |9 463619 |a BIBARQ |b BIBARQ |i 5092183 |l 1 |o 909.09822 ABU 2013 |p 5092183 |r 2025-01-20 |s 2024-12-16 |w 2019-11-23 |y BK |z Catalogado en:20140724 |k ARQ | ||
| 952 | |0 0 |1 0 |3 erd |4 0 |6 909_098220000000000_ABU_2013 |7 0 |8 A |9 463620 |a BIBHIS |b BIBHIS |i 5436974 |o 909.09822 ABU 2013 |p 5436974 |r 2025-01-20 |w 2019-11-23 |y BK |z Catalogado en:20171117 |k HIS | ||